Modern concepts on water resources (Record no. 1335)

000 -LEADER
fixed length control field 00600nam a22002177a 4500
001 - CONTROL NUMBER
control field 1335
003 - CONTROL NUMBER IDENTIFIER
control field BD-DhUET
008 - FIXED-LENGTH DATA ELEMENTS--GENERAL INFORMATION
fixed length control field 140903b xxu||||| |||| 00| 0 eng d
020 ## - INTERNATIONAL STANDARD BOOK NUMBER
International Standard Book Number 9848090309
040 ## - CATALOGING SOURCE
Original cataloging agency 0
Transcribing agency 0
Modifying agency BD-DhUET
082 ## - DEWEY DECIMAL CLASSIFICATION NUMBER
Classification number 628.16068095492
Item number FAI/2007
100 ## - MAIN ENTRY--PERSONAL NAME
Personal name Faisal Hossain
245 ## - TITLE STATEMENT
Title Modern concepts on water resources
Statement of responsibility, etc. by Faisal Hossain,Md. Delawer Hossain
250 ## - EDITION STATEMENT
Edition statement Ist ed.
260 ## - PUBLICATION, DISTRIBUTION, ETC. (IMPRINT)
Place of publication, distribution, etc. Dhaka
Name of publisher, distributor, etc. UGC,
Date of publication, distribution, etc. 2007
300 ## - PHYSICAL DESCRIPTION
Extent xv,222p.
504 ## - BIBLIOGRAPHY, ETC. NOTE
Bibliography, etc Includes bibliographies
650 #0 - SUBJECT ADDED ENTRY--TOPICAL TERM
Topical term or geographic name as entry element Water resources management
Geographic subdivision Bangladesh
700 ## - ADDED ENTRY--PERSONAL NAME
Personal name Delawer Hossain, Md.
942 ## - ADDED ENTRY ELEMENTS (KOHA)
Koha item type General Book
Holdings
Koha date last seen Lost status Shelving location Koha normalized classification for sorting Withdrawn status Not for loan Copy number Koha full call number Damaged status Sublocation or collection (holding branch) Koha item type Piece designation (barcode) Date acquired Price effective from Source of classification or shelving scheme Location (home branch)
2014-09-03 Circulation section628_160680954920000_FAI_2007  1628.16068095492/FAI/2007 Central Library, BUETGeneral Book1035002014-09-032014-09-03 Central Library, BUET
2014-09-03 Circulation section628_160680954920000_FAI_2007  2628.16068095492/FAI/2007 Central Library, BUETGeneral Book1035012014-09-032014-09-03 Central Library, BUET
2014-09-03 Circulation section628_160680954920000_FAI_2007  3628.16068095492/FAI/2007 Central Library, BUETGeneral Book1035022014-09-032014-09-03 Central Library, BUET
2014-09-03 Circulation section628_160680954920000_FAI_2007  4628.16068095492/FAI/2007 Central Library, BUETGeneral Book1035032014-09-032014-09-03 Central Library, BUET
2014-09-03 Circulation section628_160680954920000_FAI_2007  5628.16068095492/FAI/2007 Central Library, BUETGeneral Book1035042014-09-032014-09-03 Central Library, BUET
2014-09-03 Circulation section628_160680954920000_FAI_2007  6628.16068095492/FAI/2007 Central Library, BUETGeneral Book1035052014-09-032014-09-03 Central Library, BUET
2014-09-03 Circulation section628_000000000000000_1606809549  7628.16068095492/FAI/2007 Central Library, BUETGeneral Book1035062014-09-032014-09-03 Central Library, BUET
2014-09-03 Circulation section628_000000000000000_1606809549  8628.16068095492/FAI/2007 Central Library, BUETGeneral Book1035072014-09-032014-09-03 Central Library, BUET
2014-09-03 Circulation section628_160680954920000_FAI_2007  9628.16068095492/FAI/2007 Central Library, BUETGeneral Book1035082014-09-032014-09-03 Central Library, BUET
2014-09-03 Circulation section628_000000000000000_1606809549  10628.16068095492/FAI/2007 Central Library, BUETGeneral Book1035092014-09-032014-09-03 Central Library, BUET
2016-07-26 Circulation section628_160680954920000_FAI_2007  11628.16068095492/FAI/2007 Central Library, BUETGeneral Book1142422016-07-262016-07-26 Central Library, BUET
2016-07-26 Circulation section628_160680954920000_FAI_2007  12628.16068095492/FAI/2007 Central Library, BUETGeneral Book1142432016-07-262016-07-26 Central Library, BUET